The Psychology Influence of Persuasion: (Record no. 9785)

MARC details
000 -LEADER
fixed length control field 00381nam a22001337a 4500
008 - FIXED-LENGTH DATA ELEMENTS--GENERAL INFORMATION
fixed length control field 240228b |||||||| |||| 00| 0 eng d
020 ## - INTERNATIONAL STANDARD BOOK NUMBER
International Standard Book Number 9780061241895
082 ## - DEWEY DECIMAL CLASSIFICATION NUMBER
Classification number 303.3 CIA
100 ## - MAIN ENTRY--PERSONAL NAME
Personal name Cialdini, Robert B.
245 ## - TITLE STATEMENT
Title The Psychology Influence of Persuasion:
260 ## - PUBLICATION, DISTRIBUTION, ETC.
Place of publication, distribution, etc. United States of America:
Name of publisher, distributor, etc. Harper Collins,
Date of publication, distribution, etc. 2007.
300 ## - PHYSICAL DESCRIPTION
Extent viii. 320 p:
Dimensions 20.5 Cm
942 ## - Added entry Elements (Koha)
Source of classification or shelving scheme Dewey Decimal Classification
Holdings
Withdrawn status Lost status Source of classification or shelving scheme Damaged status Not for loan Collection code Home library Current library Shelving location Date acquired Serial Enumeration / chronology Total Checkouts Full call number Barcode Date last seen Price effective from Koha item type
    Dewey Decimal Classification     Main TEST RTC Library RTC Library Main opac 28/02/2024 18470   303.3 CIA 30019165 28/02/2024 28/02/2024 Main
Royal Thimphu College || All Right Reserved